[Event "Campeonato de España Universitario 2008"]
[Site "Madrid ESP"]
[Date "2008.05.10"]
[Round "8.42"]
[White "Acuña Celada, Ivan"]
[Black "Baiges Navarro, Albert"]
[Result "1-0"]
[WhiteElo "2114"]
[BlackElo "2044"]
[PlyCount "93"]
[EventDate "2008.05.08"]
[EventType "swiss"]
[EventRounds "9"]
[EventCountry "ESP"]
[Source "lmi"]
[SourceDate "2008.05.08"]

1. e4 c5 2. Nf3 d6 3. d4 cxd4 4. Nxd4 Nf6 5. Nc3 a6 6. Be2 e5 7. Nb3 Be7 8. O-O
O-O 9. a4 b6 10. Bc4 Bb7 11. Bd5 Nxd5 12. Nxd5 Nd7 13. Be3 Bg5 14. f3 Rc8 15.
Bf2 Bxd5 16. exd5 Qc7 17. c3 f5 18. Qd3 Qb7 19. Rfd1 Rce8 20. Re1 a5 21. Qb5
Qc7 22. Qc6 Rc8 23. Qxc7 Rxc7 24. Be3 Bxe3+ 25. Rxe3 Nf6 26. Rd3 g5 27. Nd2 Rc5
28. c4 h5 29. b3 Rc7 30. Nb1 g4 31. Nc3 Rg7 32. Nb5 e4 33. fxe4 Nxe4 34. Re1 h4
35. Nd4 Nc5 36. Rde3 f4 37. Re8 Nd3 38. Rxf8+ Kxf8 39. Ne6+ Kg8 40. Rd1 Ne5 41.
Nxg7 Kxg7 42. Rd4 f3 43. Kf2 fxg2 44. Kxg2 Kg6 45. Rf4 Kg5 46. Rf8 Nf3 47. h3
1-0

[Event "Campeonato de España Universitario 2008"]
[Site "Madrid ESP"]
[Date "2008.05.10"]
[Round "8.43"]
[White "Tierraseca Montero, Pablo"]
[Black "Gallardo Estrella, Alvaro"]
[Result "0-1"]
[WhiteElo "2111"]
[BlackElo "2042"]
[PlyCount "78"]
[EventDate "2008.05.08"]
[EventType "swiss"]
[EventRounds "9"]
[EventCountry "ESP"]
[Source "lmi"]
[SourceDate "2008.05.08"]

1. e4 c5 2. b3 Nc6 3. Bb2 d6 4. Bb5 Bd7 5. Ne2 e5 6. O-O g6 7. f4 Bg7 8. d3 Nh6
9. Nd2 f5 10. Nc4 Qe7 11. Nc3 O-O-O 12. Nd5 Qf8 13. a3 Ne7 14. Nxd6+ Kb8 15.
fxe5 Nxd5 16. exd5 Bxb5 17. Nxb5 Rxd5 18. c4 Rd8 19. Qe2 Qe7 20. Rfe1 Rhe8 21.
Qc2 Ng4 22. b4 a6 23. h3 Nxe5 24. Nc3 Qg5 25. Kh1 cxb4 26. axb4 f4 27. Ne4 Qf5
28. Bxe5+ Bxe5 29. Rad1 f3 30. Rf1 fxg2+ 31. Qxg2 Qd7 32. Nc5 Qc7 33. Rfe1 a5
34. d4 axb4 35. dxe5 Rxd1 36. Rxd1 Qxc5 37. e6 Qc6 38. Rd5 Qxc4 39. Qd2 Qe4+
0-1

[Event "Campeonato de España Universitario 2008"]
[Site "Madrid ESP"]
[Date "2008.05.10"]
[Round "8.44"]
[White "Pascual Palomo, Lucia"]
[Black "Alcaraz Pacheco, Ivan"]
[Result "0-1"]
[WhiteElo "2106"]
[BlackElo "2011"]
[PlyCount "80"]
[EventDate "2008.05.08"]
[EventType "swiss"]
[EventRounds "9"]
[EventCountry "ESP"]
[Source "lmi"]
[SourceDate "2008.05.08"]

1. e4 d5 2. exd5 Qxd5 3. Nc3 Qa5 4. d4 Nf6 5. Nf3 c6 6. Ne5 Nbd7 7. Nc4 Qc7 8.
Qf3 Nb6 9. Bf4 Qd8 10. Be5 Be6 11. Ne3 Nbd5 12. Ncxd5 Bxd5 13. Nxd5 Qxd5 14.
Qxd5 cxd5 15. O-O-O a6 16. f3 e6 17. g4 Kd7 18. h4 Bd6 19. Bd3 Ke7 20. h5 Bxe5
21. dxe5 Nd7 22. f4 Nc5 23. Bf1 Rac8 24. Kb1 b5 25. Bg2 Rc7 26. f5 b4 27. Rd4
a5 28. Rf1 Nd7 29. Re1 Rhc8 30. Rd2 h6 31. Ree2 Rc4 32. Bf3 Rf4 33. Rd3 Nc5 34.
Ree3 Nxd3 35. Rxd3 Rcc4 36. a3 bxa3 37. Rxa3 a4 38. Ka2 Rxc2 39. Bd1 Rcc4 40.
b3 Rcd4 0-1

[Event "Campeonato de España Universitario 2008"]
[Site "Madrid ESP"]
[Date "2008.05.10"]
[Round "8.45"]
[White "Alcaraz Soriano, Angela"]
[Black "Medina Menendez, Eduardo Matias"]
[Result "1-0"]
[WhiteElo "1995"]
[BlackElo "2105"]
[PlyCount "111"]
[EventDate "2008.05.08"]
[EventType "swiss"]
[EventRounds "9"]
[EventCountry "ESP"]
[Source "lmi"]
[SourceDate "2008.05.08"]

1. d4 Nf6 2. c4 e6 3. Nf3 c5 4. d5 exd5 5. cxd5 d6 6. Nc3 Bf5 7. h3 Be7 8. Bf4
O-O 9. Nd2 Re8 10. e4 Nxe4 11. Ndxe4 Bxe4 12. Nxe4 Bh4 13. Bd3 f5 14. O-O fxe4
15. Bb5 Re7 16. Re1 a6 17. Ba4 Bf6 18. Rb1 Qb6 19. Bc2 Nd7 20. Rxe4 Rxe4 21.
Bxe4 Re8 22. Qc2 Nf8 23. b3 Qb4 24. f3 Be5 25. Bxe5 Rxe5 26. Qc4 Qd2 27. a4 Nd7
28. Qd3 Qxd3 29. Bxd3 Nf6 30. Bc4 Kf8 31. Rd1 Ke7 32. Kf2 b5 33. axb5 axb5 34.
Bxb5 Nxd5 35. Bc4 Nf6 36. g4 d5 37. f4 Re4 38. Bxd5 Rxf4+ 39. Kg3 Rb4 40. Re1+
Kd7 41. Bc4 Kd6 42. g5 Nd7 43. Re6+ Kc7 44. Re7 Kd6 45. Rxg7 Ne5 46. Bg8 Rb8
47. h4 Ng6 48. Kg4 Ne5+ 49. Kh5 Ng6 50. Bxh7 Ne7 51. Bc2 Nd5 52. g6 Ne3 53. Be4
Ke5 54. Re7+ Kf6 55. Rf7+ Ke5 56. g7 1-0

[Event "Campeonato de España Universitario 2008"]
[Site "Madrid ESP"]
[Date "2008.05.10"]
[Round "8.46"]
[White "Schneider Sanchez, Carlos D"]
[Black "Ramos Del Campo, Alexander"]
[Result "1/2-1/2"]
[WhiteElo "2105"]
[BlackElo "1961"]
[PlyCount "80"]
[EventDate "2008.05.08"]
[EventType "swiss"]
[EventRounds "9"]
[EventCountry "ESP"]
[Source "lmi"]
[SourceDate "2008.05.08"]

1. d4 d5 2. c4 e6 3. Nf3 Nf6 4. g3 Be7 5. Bg2 O-O 6. O-O dxc4 7. Nc3 Nd5 8. Qa4
a6 9. Qxc4 b5 10. Qb3 Bb7 11. Bd2 Nd7 12. Rfe1 c5 13. e4 c4 14. Qd1 Nb4 15. Bf1
Nf6 16. Bf4 Qb6 17. a3 Nc6 18. h3 Rad8 19. Be3 Na5 20. Qc2 Nb3 21. Rad1 Qc7 22.
Bg2 Qc8 23. Ng5 g6 24. Nf3 Qa8 25. Ne5 Ne8 26. f4 Nd6 27. Rf1 Ne8 28. Qf2 Ng7
29. g4 Bd6 30. Qh4 Qb8 31. g5 Qc7 32. Ng4 Be7 33. Bf3 Kh8 34. Nf6 h5 35. gxh6
Ne8 36. e5 Rb8 37. Nce4 Qd8 38. h7 Bxe4 39. Bxe4 Nxf6 40. exf6 Bxf6 1/2-1/2

[Event "Campeonato de España Universitario 2008"]
[Site "Madrid ESP"]
[Date "2008.05.10"]
[Round "8.49"]
[White "Alcazar Jimenez, Jesus Alberto"]
[Black "Rodriguez Falcon, Jesus Manuel"]
[Result "1-0"]
[WhiteElo "2247"]
[BlackElo "1981"]
[PlyCount "25"]
[EventDate "2008.05.08"]
[EventType "swiss"]
[EventRounds "9"]
[EventCountry "ESP"]
[Source "lmi"]
[SourceDate "2008.05.08"]

1. e4 Nf6 2. Nc3 d5 3. e5 d4 4. exf6 dxc3 5. fxg7 cxd2+ 6. Bxd2 Bxg7 7. Qh5 Qd4
8. Nf3 Qxb2 9. Rc1 Be6 10. Bd3 Nc6 11. O-O Bxa2 12. c3 O-O-O 13. Qg4+ 1-0

[Event "Campeonato de España Universitario 2008"]
[Site "Madrid ESP"]
[Date "2008.05.10"]
[Round "8.50"]
[White "Zamarbide Iñarrea, Borja"]
[Black "Pousada Garcia, Victor Daniel"]
[Result "1-0"]
[WhiteElo "2202"]
[BlackElo "1986"]
[PlyCount "61"]
[EventDate "2008.05.08"]
[EventType "swiss"]
[EventRounds "9"]
[EventCountry "ESP"]
[Source "lmi"]
[SourceDate "2008.05.08"]

1. e4 c5 2. Nc3 Nc6 3. Bb5 a6 4. Bxc6 bxc6 5. d3 d6 6. f4 Nf6 7. Nf3 g6 8. O-O
Bg7 9. Qe1 Rb8 10. Rb1 Qb6 11. Kh1 Bg4 12. Qh4 Bxf3 13. Rxf3 O-O 14. Bd2 c4 15.
e5 Nd5 16. dxc4 Qd4 17. cxd5 Qxd2 18. Rd1 Qxc2 19. Rf2 Qf5 20. dxc6 dxe5 21.
Nd5 Bf6 22. Nxf6+ exf6 23. fxe5 Qxe5 24. Qxf6 Qc5 25. Rff1 Rbc8 26. Rc1 Qb5 27.
b3 Rc7 28. Rfd1 Qe2 29. Rd8 Rc8 30. Rxf8+ Rxf8 31. c7 1-0

[Event "Campeonato de España Universitario 2008"]
[Site "Madrid ESP"]
[Date "2008.05.10"]
[Round "8.51"]
[White "Gomez Peco, David"]
[Black "Valles Mata, David"]
[Result "1/2-1/2"]
[WhiteElo "1980"]
[BlackElo "2113"]
[PlyCount "87"]
[EventDate "2008.05.08"]
[EventType "swiss"]
[EventRounds "9"]
[EventCountry "ESP"]
[Source "lmi"]
[SourceDate "2008.05.08"]

1. e4 c5 2. Nf3 Nc6 3. Nc3 d6 4. d4 cxd4 5. Nxd4 e5 6. Nxc6 bxc6 7. Bc4 Nf6 8.
O-O Be7 9. h3 O-O 10. Bg5 Be6 11. Bb3 h6 12. Bh4 Qc7 13. Bg3 Nd7 14. Qe2 Nc5
15. f4 Nxb3 16. axb3 Bc8 17. fxe5 dxe5 18. Kh1 a5 19. Qh5 f6 20. Rfd1 Ba6 21.
Rd2 Rad8 22. Rad1 Rxd2 23. Rxd2 Rd8 24. Qd1 Rxd2 25. Qxd2 Qd6 26. Be1 Qxd2 27.
Bxd2 Bb4 28. Kh2 Kf7 29. Kg3 Ke6 30. Kf3 h5 31. Nb1 g6 32. c3 Bd6 33. g4 hxg4+
34. hxg4 f5 35. gxf5+ gxf5 36. exf5+ Kxf5 37. c4 e4+ 38. Ke2 a4 39. bxa4 Bxc4+
40. Kf2 Ke5 41. Bc3+ Kd5 42. Bg7 Be5 43. Bxe5 Kxe5 44. Ke3 1/2-1/2

[Event "Campeonato de España Universitario 2008"]
[Site "Madrid ESP"]
[Date "2008.05.10"]
[Round "8.52"]
[White "Cruz Marquez, Francisco Cesar"]
[Black "Piña Sierra, Julia"]
[Result "0-1"]
[WhiteElo "1958"]
[BlackElo "2101"]
[PlyCount "96"]
[EventDate "2008.05.08"]
[EventType "swiss"]
[EventRounds "9"]
[EventCountry "ESP"]
[Source "lmi"]
[SourceDate "2008.05.08"]

1. e4 c5 2. Nf3 d6 3. g3 Nc6 4. Bg2 g6 5. O-O Bg7 6. Re1 e5 7. c3 Nge7 8. a4
O-O 9. Na3 a6 10. Rb1 Rb8 11. h3 b5 12. b4 c4 13. d3 d5 14. dxc4 dxe4 15. Nd2
bxc4 16. Nxe4 Nd5 17. Qc2 Qc7 18. g4 Nce7 19. Nc5 a5 20. Nb5 Qb6 21. Be3 Nxe3
22. Rxe3 Nc6 23. Qe4 Nd8 24. Qxc4 Ne6 25. Rd3 Rd8 26. Rbd1 Bf8 27. Bd5 Kg7 28.
Nxe6+ fxe6 29. Bc6 Rxd3 30. Rxd3 Be7 31. Bd7 Bh4 32. Rd2 Bxf2+ 33. Kf1 Be3 34.
bxa5 Qb7 35. Qc6 Qxc6 36. Bxc6 Bxd2 37. Ke2 Bc1 38. Nd6 Ba6+ 39. Kd1 Ba3 40.
Nb5 Bc5 41. g5 Bb7 42. Bxb7 Rxb7 43. a6 Rd7+ 44. Kc2 e4 45. c4 e3 46. Nc3 Ra7
47. Ne4 Bd4 48. Kd3 Rxa6 0-1

[Event "Campeonato de España Universitario 2008"]
[Site "Madrid ESP"]
[Date "2008.05.10"]
[Round "8.53"]
[White "Castejon Caballero, Natalia"]
[Black "Garcia Rodriguez, Vanessa"]
[Result "0-1"]
[WhiteElo "2079"]
[BlackElo "1967"]
[PlyCount "66"]
[EventDate "2008.05.08"]
[EventType "swiss"]
[EventRounds "9"]
[EventCountry "ESP"]
[Source "lmi"]
[SourceDate "2008.05.08"]

1. e4 e5 2. Nf3 Nc6 3. Bc4 Be7 4. c3 Nf6 5. d3 O-O 6. Bb3 d5 7. Nbd2 Bg4 8. O-O
dxe4 9. dxe4 Bc5 10. Qe2 Qe7 11. Bc2 Rad8 12. b4 Bxb4 13. cxb4 Nd4 14. Qc4 b5
15. Qc5 Qxc5 16. bxc5 Nxc2 17. Rb1 a6 18. Rb2 Nd4 19. Nxe5 Ne2+ 20. Kh1 Nxc1
21. Rxc1 Rfe8 22. f4 Rd4 23. Nc6 Ra4 24. h3 Bd7 25. Ne5 Be6 26. g4 Nxe4 27.
Nxe4 Rxe4 28. Rf2 f6 29. Nd3 Re3 30. Nb4 a5 31. Na6 Re7 32. Rd2 Rxh3+ 33. Kg2
Bxg4 0-1

[Event "Campeonato de España Universitario 2008"]
[Site "Madrid ESP"]
[Date "2008.05.10"]
[Round "8.54"]
[White "Mestres Cochs, Joan"]
[Black "Perez Garcia, Jose Miguel"]
[Result "1-0"]
[WhiteElo "2070"]
[BlackElo "1957"]
[PlyCount "63"]
[EventDate "2008.05.08"]
[EventType "swiss"]
[EventRounds "9"]
[EventCountry "ESP"]
[Source "lmi"]
[SourceDate "2008.05.08"]

1. e4 c5 2. Nf3 e6 3. c4 a6 4. Nc3 Qc7 5. d4 cxd4 6. Nxd4 b6 7. Be2 Bb7 8. O-O
Nf6 9. Qc2 Be7 10. Be3 d6 11. f4 Nbd7 12. Rad1 Rc8 13. f5 e5 14. Nb3 Qb8 15.
Qd3 Qa8 16. Nd5 Nxd5 17. cxd5 O-O 18. g4 Rfe8 19. g5 f6 20. h4 Qb8 21. Rf2 Qc7
22. Rc1 Qd8 23. Bh5 Rxc1+ 24. Bxc1 Rf8 25. Rg2 Qc7 26. g6 Nc5 27. gxh7+ Kh8 28.
Qg3 Bd8 29. Nxc5 Qxc5+ 30. Be3 Qc7 31. Bh6 Kxh7 32. Qg6+ 1-0

[Event "Campeonato de España Universitario 2008"]
[Site "Madrid ESP"]
[Date "2008.05.10"]
[Round "8.55"]
[White "Pitarch Miguel, Pablo"]
[Black "Fernandez Blazquez, Diego"]
[Result "1/2-1/2"]
[WhiteElo "1944"]
[BlackElo "2068"]
[PlyCount "64"]
[EventDate "2008.05.08"]
[EventType "swiss"]
[EventRounds "9"]
[EventCountry "ESP"]
[Source "lmi"]
[SourceDate "2008.05.08"]

1. e4 c5 2. Nf3 d6 3. d4 cxd4 4. Nxd4 Nf6 5. Nc3 a6 6. Be2 e5 7. Nb3 Be7 8. Be3
Be6 9. Nd5 Bxd5 10. exd5 Nbd7 11. O-O Rc8 12. c4 O-O 13. Rc1 Ne4 14. Bd3 Nec5
15. Nxc5 Nxc5 16. b4 Nxd3 17. Qxd3 f5 18. c5 f4 19. cxd6 Bxd6 20. Bc5 f3 21.
Bxd6 Rxc1 22. Bxf8 Rxf1+ 23. Kxf1 fxg2+ 24. Kxg2 Kxf8 25. Qf5+ Qf6 26. Qc8+ Ke7
27. Qxb7+ Kd8 28. Qb8+ Kd7 29. Kf1 Qf5 30. Qb7+ Kd8 31. Qxg7 Qd3+ 32. Ke1 Qe4+
1/2-1/2

[Event "Campeonato de España Universitario 2008"]
[Site "Madrid ESP"]
[Date "2008.05.10"]
[Round "8.56"]
[White "Garcia Bernardez, Jaime"]
[Black "Peiro Ibañez, Felipe"]
[Result "1-0"]
[WhiteElo "2038"]
[BlackElo "1930"]
[PlyCount "65"]
[EventDate "2008.05.08"]
[EventType "swiss"]
[EventRounds "9"]
[EventCountry "ESP"]
[Source "lmi"]
[SourceDate "2008.05.08"]

1. e4 c5 2. Nf3 d6 3. g3 Nf6 4. d3 b6 5. Bg2 Bb7 6. O-O e6 7. Nbd2 Be7 8. Re1
Nbd7 9. Nf1 O-O 10. h4 Qc7 11. Qe2 Rfe8 12. Ng5 h6 13. Nh3 Ne5 14. f4 Ned7 15.
Ne3 d5 16. e5 Nh7 17. Nf2 Rac8 18. Neg4 c4 19. d4 b5 20. c3 a5 21. Qf3 Ra8 22.
f5 exf5 23. Qxf5 f6 24. Bxh6 gxh6 25. Qg6+ Kh8 26. Nxh6 Rf8 27. Bh3 fxe5 28.
Nf7+ Rxf7 29. Qxf7 Bf6 30. Qxd7 Qxd7 31. Bxd7 e4 32. a3 Ba6 33. Ng4 1-0

[Event "Campeonato de España Universitario 2008"]
[Site "Madrid ESP"]
[Date "2008.05.10"]
[Round "8.57"]
[White "Lara Granero, Bio"]
[Black "Gil Rodriguez, Isabel"]
[Result "1-0"]
[WhiteElo "2033"]
[BlackElo "1916"]
[PlyCount "75"]
[EventDate "2008.05.08"]
[EventType "swiss"]
[EventRounds "9"]
[EventCountry "ESP"]
[Source "lmi"]
[SourceDate "2008.05.08"]

1. e4 c5 2. f4 Nc6 3. Nf3 g6 4. Bc4 Bg7 5. c3 d6 6. O-O e6 7. d3 Nge7 8. f5
gxf5 9. Ng5 d5 10. Qh5 Ng6 11. exf5 exf5 12. Bb3 h6 13. Nh3 Be6 14. Re1 Qd6 15.
Na3 a6 16. Bd2 O-O-O 17. g3 c4 18. Bc2 Nce5 19. d4 Nd3 20. Bxd3 cxd3 21. Nf4
Bd7 22. Nxd3 b6 23. Nc2 Rde8 24. Ne3 f4 25. Nf5 Bxf5 26. Qxf5+ Qd7 27. Qxd7+
Kxd7 28. Bxf4 Nxf4 29. Nxf4 Kd6 30. Nh5 Rxe1+ 31. Rxe1 Rg8 32. Rf1 Ke6 33. Re1+
Kd6 34. Kg2 Bh8 35. Kf3 Rg5 36. Nf4 Bf6 37. Re8 h5 38. Rb8 1-0

[Event "Campeonato de España Universitario 2008"]
[Site "Madrid ESP"]
[Date "2008.05.10"]
[Round "8.58"]
[White "Colls Bosch, Emili"]
[Black "Martinez Sanchez, Carmen"]
[Result "1-0"]
[WhiteElo "2030"]
[BlackElo "1907"]
[PlyCount "51"]
[EventDate "2008.05.08"]
[EventType "swiss"]
[EventRounds "9"]
[EventCountry "ESP"]
[Source "lmi"]
[SourceDate "2008.05.08"]

1. e4 c5 2. Nf3 Nc6 3. Bb5 d6 4. Bxc6+ bxc6 5. O-O g6 6. c3 Bg7 7. d4 cxd4 8.
cxd4 Bg4 9. Be3 Nf6 10. Nc3 O-O 11. h3 Bxf3 12. Qxf3 Qa5 13. Qe2 Rab8 14. f4
Qb4 15. Rab1 e5 16. a3 Qa5 17. dxe5 dxe5 18. f5 Rb3 19. Qc4 Rfb8 20. Qxc6 Rxb2
21. Rxb2 Rxb2 22. Qc8+ Bf8 23. fxg6 Kg7 24. Nd5 Nxd5 25. Rxf7+ Kxg6 26. Qf5#
1-0

[Event "Campeonato de España Universitario 2008"]
[Site "Madrid ESP"]
[Date "2008.05.10"]
[Round "8.60"]
[White "Ortiz Fernandez, David"]
[Black "Simonet Planas, Adrian"]
[Result "1/2-1/2"]
[WhiteElo "1905"]
[BlackElo "2027"]
[PlyCount "118"]
[EventDate "2008.05.08"]
[EventType "swiss"]
[EventRounds "9"]
[EventCountry "ESP"]
[Source "lmi"]
[SourceDate "2008.05.08"]

1. e4 c5 2. Nf3 d6 3. c3 Nf6 4. Bb5+ Bd7 5. Qe2 a6 6. Bxd7+ Nfxd7 7. d4 cxd4 8.
cxd4 Nc6 9. Nc3 g6 10. d5 Nce5 11. Nxe5 dxe5 12. O-O Bg7 13. Be3 O-O 14. Rac1
Rc8 15. Na4 Qa5 16. b3 Qb4 17. Bd2 Qa3 18. Nc3 Qd6 19. Rfd1 Rfd8 20. Be3 Qb4
21. Bd2 Qd6 22. Be3 Qb4 23. Qe1 Nf6 24. f3 Ne8 25. Na4 Qxe1+ 26. Rxe1 Nd6 27.
Nb6 Rxc1 28. Rxc1 f5 29. Nc4 fxe4 30. Nxd6 exd6 31. fxe4 Rd7 32. Kf2 Kf7 33.
Ke2 Bf6 34. g4 Ke8 35. Kd3 Kd8 36. g5 Bg7 37. Rf1 Ke8 38. Rf2 Ke7 39. Rc2 Ke8
40. Rc8+ Rd8 41. Rc2 Rd7 42. Bb6 Bf8 43. h4 Be7 44. Rc8+ Kf7 45. Kc4 Bf8 46. b4
h6 47. Be3 hxg5 48. hxg5 Be7 49. a4 Bd8 50. Kd3 Ke7 51. Rc2 Kf8 52. b5 axb5 53.
axb5 Rc7 54. Rh2 Kg7 55. Bb6 Rd7 56. Be3 Rf7 57. Ke2 Rd7 58. Kd3 Rf7 59. Ke2
Rd7 1/2-1/2

[Event "Campeonato de España Universitario 2008"]
[Site "Madrid ESP"]
[Date "2008.05.11"]
[Round "9.2"]
[White "Llaneza Vega, Marcos"]
[Black "Ibarra Jerez, Jose Carlos"]
[Result "1-0"]
[WhiteElo "2425"]
[BlackElo "2496"]
[PlyCount "63"]
[EventDate "2008.05.08"]
[EventType "swiss"]
[EventRounds "9"]
[EventCountry "ESP"]
[Source "lmi"]
[SourceDate "2008.05.08"]

1. e4 c5 2. Nc3 a6 3. Nf3 e6 4. d4 cxd4 5. Nxd4 Qc7 6. Be2 b5 7. O-O Bb7 8. Bf3
d6 9. Re1 Be7 10. a4 bxa4 11. Bg4 Bc8 12. Rxa4 Nf6 13. Ndb5 Qb7 14. Nxd6+ Bxd6
15. Qxd6 Nxg4 16. e5 h5 17. Bg5 Qd7 18. Qc5 f6 19. exf6 gxf6 20. Nd5 Kf7 21.
Nxf6 Qa7 22. Qc3 Qxf2+ 23. Kh1 Bb7 24. Ne4 Bxe4 25. Raxe4 Qb6 26. Rf4+ Kg8 27.
Rf8+ Kxf8 28. Qxh8+ Kf7 29. Qxh5+ Kf8 30. Qxg4 Qf2 31. Qxe6 Nd7 32. Bh6# 1-0

[Event "Campeonato de España Universitario 2008"]
[Site "Madrid ESP"]
[Date "2008.05.11"]
[Round "9.3"]
[White "Martinez Martin, David"]
[Black "Camacho Collados, Jose"]
[Result "1-0"]
[WhiteElo "2424"]
[BlackElo "2258"]
[PlyCount "95"]
[EventDate "2008.05.08"]
[EventType "swiss"]
[EventRounds "9"]
[EventCountry "ESP"]
[Source "lmi"]
[SourceDate "2008.05.08"]

1. Nf3 Nf6 2. c4 g6 3. Nc3 Bg7 4. e4 d6 5. d4 O-O 6. Be2 Na6 7. O-O e5 8. Be3
Ng4 9. Bg5 Qe8 10. dxe5 dxe5 11. h3 f6 12. Bd2 Nh6 13. Qb3 Nc5 14. Qa3 Ne6 15.
Nd5 Rf7 16. c5 Kh8 17. Bc4 Ng8 18. b4 Bd7 19. Qb3 Ba4 20. Qb2 Bb5 21. Bxb5 Qxb5
22. a4 Qe8 23. Rfc1 c6 24. Ne3 Nf4 25. Rd1 Qe6 26. Bc3 Rd7 27. Rxd7 Qxd7 28.
Rd1 Qc7 29. Nc4 b6 30. cxb6 axb6 31. a5 bxa5 32. bxa5 Qa7 33. Rd2 Rb8 34. Nb6
Qa6 35. Qc2 c5 36. Rd7 Qb5 37. Nxe5 fxe5 38. Rxg7 Ne2+ 39. Qxe2 Qxe2 40. Bxe5
Rf8 41. Rf7+ Nf6 42. Rxf8+ Kg7 43. Rxf6 Qe1+ 44. Kh2 Qxa5 45. Nd5 Qe1 46. Rf4+
Kh6 47. Rh4+ Kg5 48. Bf6# 1-0

[Event "Campeonato de España Universitario 2008"]
[Site "Madrid ESP"]
[Date "2008.05.11"]
[Round "9.4"]
[White "Piay Augusto, Diego"]
[Black "Perez Candelario, Manuel"]
[Result "1/2-1/2"]
[WhiteElo "2281"]
[BlackElo "2537"]
[PlyCount "97"]
[EventDate "2008.05.08"]
[EventType "swiss"]
[EventRounds "9"]
[EventCountry "ESP"]
[Source "lmi"]
[SourceDate "2008.05.08"]

1. e4 e5 2. d4 exd4 3. c3 Qe7 4. cxd4 Qxe4+ 5. Be3 Bb4+ 6. Nc3 Ne7 7. Nf3 Nf5
8. Qd2 Bxc3 9. bxc3 Nxe3 10. fxe3 d5 11. Bd3 Qe7 12. O-O O-O 13. Rae1 f5 14. c4
Be6 15. cxd5 Bxd5 16. Qc2 g6 17. e4 fxe4 18. Bxe4 Bxe4 19. Rxe4 Qf7 20. Nd2 Qd5
21. Rxf8+ Kxf8 22. Qxc7 Nd7 23. Qc3 Kg8 24. Re7 Rf8 25. Nf3 Rf7 26. Re2 Kg7 27.
h3 Nf6 28. Re3 Qxa2 29. Ng5 Rd7 30. Ne6+ Kf7 31. Qc5 Qxe6 32. Rxe6 Kxe6 33.
Qxa7 Nd5 34. Qa8 Ne7 35. Kf2 Rxd4 36. Qxb7 Rd5 37. g4 h5 38. Qb6+ Kf7 39. Kg3
hxg4 40. Kxg4 Rf5 41. Qb3+ Nd5 42. h4 Rh5 43. Qb7+ Ne7 44. Qb2 Nf5 45. Qb3+ Kg7
46. Qc3+ Kh7 47. Qc7+ Kh6 48. Qf4+ Kh7 49. Qc7+ 1/2-1/2

[Event "Campeonato de España Universitario 2008"]
[Site "Madrid ESP"]
[Date "2008.05.11"]
[Round "9.5"]
[White "Gonzalez Somoza, Oliver"]
[Black "Sanchez Saez, Francisco"]
[Result "0-1"]
[WhiteElo "2333"]
[BlackElo "2219"]
[PlyCount "76"]
[EventDate "2008.05.08"]
[EventType "swiss"]
[EventRounds "9"]
[EventCountry "ESP"]
[Source "lmi"]
[SourceDate "2008.05.08"]

1. d4 Nf6 2. c4 g6 3. Nc3 Bg7 4. e4 d6 5. Nge2 O-O 6. f3 e5 7. d5 Nh5 8. Be3 f5
9. Qd2 a6 10. O-O-O b5 11. c5 b4 12. Na4 a5 13. c6 Ba6 14. exf5 gxf5 15. Ng3
Qe8 16. Nxh5 Qxh5 17. g4 fxg4 18. fxg4 Qg6 19. b3 Rf3 20. Re1 e4 21. Bg2 Qf6
22. Nb2 a4 23. bxa4 Qc3+ 24. Qxc3 bxc3 25. Nd1 Bc4 26. Bxf3 exf3 27. Kc2 Bxd5
28. Nxc3 Bxc3 29. Rd1 Bxc6 30. Kxc3 Rxa4 31. Rd4 Ra3+ 32. Kd2 Rxa2+ 33. Kc3 Re2
34. Bh6 Be4 35. Rd2 Rg2 36. Rxg2 fxg2 37. Rc1 Nd7 38. Kd4 d5 0-1

[Event "Campeonato de España Universitario 2008"]
[Site "Madrid ESP"]
[Date "2008.05.11"]
[Round "9.6"]
[White "Gonzalez Merino, Alberto"]
[Black "Andres Gonzalez, Ivan"]
[Result "1-0"]
[WhiteElo "2174"]
[BlackElo "2324"]
[PlyCount "95"]
[EventDate "2008.05.08"]
[EventType "swiss"]
[EventRounds "9"]
[EventCountry "ESP"]
[Source "lmi"]
[SourceDate "2008.05.08"]

1. d4 Nf6 2. c4 c5 3. d5 b5 4. Nf3 g6 5. Qc2 d6 6. e4 bxc4 7. Nfd2 Bg7 8. Nxc4
O-O 9. Be2 Na6 10. Nc3 Nc7 11. O-O a5 12. Bg5 Ba6 13. Ne3 Qd7 14. Bxa6 Rxa6 15.
Rad1 Nb5 16. Nxb5 Qxb5 17. Rd2 Re8 18. h3 Qb4 19. Nc4 Nd7 20. Re1 Ne5 21. Nxe5
Bxe5 22. Ree2 Rb6 23. Kh1 Rb7 24. f4 Bg7 25. e5 h6 26. Re4 Qb5 27. Bh4 Reb8 28.
b3 Qf1+ 29. Kh2 Qa1 30. Rd1 Qxd1 31. Qxd1 a4 32. exd6 axb3 33. axb3 exd6 34.
Re3 Bd4 35. Rf3 Ra8 36. Bf2 Bf6 37. Be1 Ra1 38. Qe2 Rc1 39. Bd2 Rc2 40. Qd1 Rb2
41. Bc3 Bxc3 42. Rxc3 Rb4 43. f5 g5 44. f6 Rf4 45. Rf3 Rf2 46. Qe1 R4xf3 47.
Qe8+ Kh7 48. Qxf7+ 1-0

[Event "Campeonato de España Universitario 2008"]
[Site "Madrid ESP"]
[Date "2008.05.11"]
[Round "9.7"]
[White "Prieto Aranguren, Alain"]
[Black "Pena Gomez, Manuel"]
[Result "1/2-1/2"]
[WhiteElo "2170"]
[BlackElo "2312"]
[PlyCount "63"]
[EventDate "2008.05.08"]
[EventType "swiss"]
[EventRounds "9"]
[EventCountry "ESP"]
[Source "lmi"]
[SourceDate "2008.05.08"]

1. d4 Nf6 2. c4 g6 3. Nc3 d5 4. Bf4 Bg7 5. e3 O-O 6. Nf3 c6 7. Bd3 Nbd7 8. O-O
dxc4 9. Bxc4 Nb6 10. Bd3 Bg4 11. h3 Bxf3 12. Qxf3 Nfd5 13. Bg3 Qd7 14. Ne4 Rad8
15. Rac1 Qc8 16. Nc5 Nd7 17. a3 Nxc5 18. Rxc5 Nb6 19. b4 Qe6 20. Qd1 Nd7 21.
Rc3 Nf6 22. Bc4 Qd7 23. Qc2 Ra8 24. Rb1 Nd5 25. Bxd5 Qxd5 26. Rc5 Qe6 27. b5
cxb5 28. Rbxb5 b6 29. Rc6 Qd7 30. Rb3 Qd5 31. Qc4 Qa5 32. Qb4 1/2-1/2

[Event "Campeonato de España Universitario 2008"]
[Site "Madrid ESP"]
[Date "2008.05.11"]
[Round "9.8"]
[White "Garcia Brion, Eduardo"]
[Black "Montero Melendez, Rafael"]
[Result "1-0"]
[WhiteElo "2158"]
[BlackElo "2295"]
[PlyCount "73"]
[EventDate "2008.05.08"]
[EventType "swiss"]
[EventRounds "9"]
[EventCountry "ESP"]
[Source "lmi"]
[SourceDate "2008.05.08"]

1. e4 d6 2. Bc4 Nf6 3. Qe2 c6 4. Nf3 d5 5. exd5 cxd5 6. Bb3 Nc6 7. d4 Bg4 8. c3
e6 9. Bg5 Be7 10. Nbd2 O-O 11. h3 Bh5 12. Nf1 Re8 13. Ng3 Bg6 14. O-O a6 15.
Ne5 Nxe5 16. dxe5 Nd7 17. Bxe7 Qxe7 18. f4 Rac8 19. Rae1 b5 20. Kh2 Qc5 21. Qd2
Rcd8 22. Ne2 a5 23. a3 Nb6 24. Nd4 Nc4 25. Bxc4 dxc4 26. g4 Bd3 27. b4 axb4 28.
axb4 Qb6 29. Rf2 h6 30. f5 exf5 31. gxf5 Rd5 32. e6 fxe6 33. f6 Rf8 34. Rxe6
Qb8+ 35. Kh1 Qg3 36. Rf3 Qg6 37. f7+ 1-0